[Event "Krefeld op"]
[Site "Krefeld"]
[Date "2022.08.08"]
[Round "8"]
[White "Boscher, Hans"]
[Black "Graf, David"]
[Result "1/2-1/2"]
[WhiteElo "1579"]
[BlackElo "1633"]
[PlyCount "56"]
[EventDate "2022.08.04"]
[EventType "swiss"]
[EventRounds "9"]
[EventCountry "GER"]
[SourceTitle "CBM 209 Extra"]
[Source "ChessBase"]
[SourceDate "2022.09.30"]
[SourceVersion "1"]
[SourceVersionDate "2022.09.30"]
[SourceQuality "1"]

1. e4 e5 2. Nf3 Nf6 3. Nxe5 d6 4. Nf3 Nxe4 5. d4 d5 6. Bd3 Bd6 7. 0-0 0-0 8. Re1 Re8 9. c4 c6 10. cxd5 cxd5 11. Nc3 Nc6 12. Nxe4 dxe4 13. Bxe4 Bg4 14. Bxc6 Rxe1+ 15. Qxe1 bxc6 16. Qc3 Bxf3 17. Qxf3 Qh4 18. g3 Qxd4 19. Be3 Qxb2 20. Rd1 Be7 21. Qxc6 Rf8 22. Rd7 Bf6 23. Rxa7 Bd4 24. Bxd4 Qxd4 25. Ra8 g6 26. Rxf8+ Kxf8 27. a4 Ke7 28. a5 Qa1+ 1/2-1/2